Statystyki dla Zbiorniki wodne według lokalizacji

Kliknij tutaj aby rozwiązać quiz!

Ogólne statystyki

  • Ten quiz został rozwiązany 10 685 razy
  • Średni wynik to 14 z 24

Statystyki odpowiedzi

Gdzie jestZbiornik wodny% Poprawnych
Na północ od TurcjiMorze {Czarne}
96%
Pomiędzy Europą i AfrykąMorze {Śródziemne}
92%
Pomiędzy Afryką i ArabiąMorze {Czerwone}
91%
Na południowy wschód od SzwecjiMorze {Bałtyckie}
81%
Pomiędzy Brytanią i SkandynawiąMorze {Północne}
78%
Pomiędzy Anglią i FrancjąKanał {La Manche}
69%
Pomiędzy Izraelem i JordaniąMorze {Martwe}
68%
Na północ od IranuMorze {Kaspijskie}
65%
Pomiędzy Włochami i BałkanamiMorze {Adriatyckie}
64%
Pomiędzy Grecją i TurcjąMorze {Egejskie}
64%
Na północ od Ameryki PołudniowejMorze {Karaibskie}
64%
Pomiędzy Chinami i KoreąMorze {Żółte}
62%
Uganda, Tanzania i KeniaJezioro {Wiktorii}
60%
Pomiędzy Iranem i Arabią SaudyjskąZatoka {Perska}
55%
Pomiędzy Alaską i RosjąCieśnina {Beringa}
53%
Pomiędzy Hiszpanią i MarokiemCieśnina {Gibraltarska}
53%
Na południowy wschód od TeksasuZatoka {Meksykańska}
53%
Na południe od ChinMorze
{Południowochińskie}
45%
Pomiędzy Indiami i MjanmąZatoka {Bengalska}
37%
Pomiędzy Irlandią i BrytaniąMorze {Irlandzkie}
29%
Na północ od HiszpaniiZatoka {Biskajska}
27%
Ontario, Michigan, Wisconsin
i Minnesota
Jezioro {Górne}
24%
Na północ od OntarioZatoka {Hudsona}
23%
Na południowy wschód od BaltimoreZatoka {Chesapeake}
7%

Rozkład punktacji

Percentyl według liczby udzielonych odpowiedzi

Procent ludzi z każdym wynikiem

Twoja historia wyników

Nie rozwiązałeś tego quizu